[Event "Bogota September op"]
[Site "Bogota"]
[Date "2015.09.19"]
[Round "3"]
[White "Peralta Gonzalez, Javier Hernando"]
[Black "Gomez Morales, Juan Sebastian"]
[Result "0-1"]
[WhiteElo "1510"]
[BlackElo "1709"]
[PlyCount "76"]
[EventDate "2015.09.18"]
[EventType "swiss"]
[EventRounds "6"]
[EventCountry "COL"]
[SourceTitle "EXT 2016"]
[Source "ChessBase"]
[SourceDate "2015.10.08"]
[SourceVersion "1"]
[SourceVersionDate "2015.10.08"]
[SourceQuality "1"]

1. c4 c5 2. Nc3 Nc6 3. e3 g6 4. Nf3 Bg7 5. Be2 Nf6 6. 0-0 0-0 7. d4 cxd4 8. exd4 d5 9. a3 dxc4 10. Bxc4 Ne8 11. d5 Ne5 12. Nxe5 Bxe5 13. Bh6 Bg7 14. Bg5 Nd6 15. Bb3 h6 16. Bf4 b6 17. Re1 Bb7 18. h4 Nf5 19. Be5 Bxe5 20. Rxe5 Nxh4 21. Qg4 g5 22. g3 Ng6 23. Ree1 Rc8 24. Qh5 Kg7 25. Kg2 e6 26. Rh1 Rh8 27. Qg4 exd5 28. Qd4+ f6 29. f4 Qe7 30. fxg5 hxg5 31. Rxh8 Rxh8 32. Bxd5 Rd8 33. Rh1 Qd6 34. Rd1 Ne7 35. Qg4 Nxd5 36. Kf2 Qc5+ 37. Ke1 Qg1+ 38. Ke2 Nxc3+ 0-1

[Event "Bogota LAB op"]
[Site "Bogota"]
[Date "2014.06.29"]
[Round "4"]
[White "Ruiz Cruz, Cesar Augusto"]
[Black "Peralta Gonzalez, Javier Hernando"]
[Result "1-0"]
[WhiteElo "1833"]
[BlackElo "1513"]
[PlyCount "107"]
[EventDate "2014.06.27"]
[EventType "swiss"]
[EventRounds "6"]
[EventCountry "COL"]
[SourceTitle "EXT 2015"]
[Source "ChessBase"]
[SourceDate "2014.11.20"]
[SourceVersion "1"]
[SourceVersionDate "2014.11.20"]
[SourceQuality "1"]

1. d4 d5 2. c4 e6 3. e3 Bd6 4. Nc3 Nf6 5. c5 Be7 6. b4 a6 7. Bb2 b6 8. a4 bxc5 9. bxc5 0-0 10. Bd3 Nbd7 11. Nf3 h6 12. Qc2 c6 13. a5 Qc7 14. h3 e5 15. Bf5 e4 16. Nd2 Nxc5 17. Bxc8 Nd3+ 18. Ke2 Raxc8 19. Ba3 Rfe8 20. Bxe7 Rxe7 21. Nb3 Nh5 22. Nxd5 cxd5 23. Qxc7 Rexc7 24. Rhd1 f5 25. Rd2 f4 26. Rad1 fxe3 27. Kxe3 Ndf4 28. Nc5 Nxg2+ 29. Ke2 Nhf4+ 30. Kf1 e3 31. Rb2 exf2 32. Kxf2 Re7 33. Nxa6 Rf8 34. Kg1 Ne3 35. Re1 Nxh3+ 36. Kh2 Rf3 37. Nc5 Nf1+ 38. Rxf1 Rxf1 39. Kxh3 Rh1+ 40. Kg2 Ree1 41. a6 h5 42. a7 Rhg1+ 43. Kf2 Ref1+ 44. Ke2 Ra1 45. Rb8+ Kh7 46. a8Q Rxa8 47. Rxa8 Rg4 48. Ke3 h4 49. Ra1 g5 50. Nd7 Rg3+ 51. Kf2 Kg6 52. Ne5+ Kf5 53. Re1 h3 54. Kxg3 1-0

[Event "COL-ch visually impaired 4th"]
[Site "Bogota"]
[Date "2013.11.08"]
[Round "4.12"]
[White "Cancino, Johan Camilo"]
[Black "Peralta Gonzalez, Javier Hernando"]
[Result "1-0"]
[WhiteElo "1548"]
[BlackElo "1549"]
[PlyCount "41"]
[EventDate "2013.11.08"]
[EventType "swiss"]
[EventRounds "5"]
[EventCountry "COL"]
[SourceTitle "EXT 2024"]
[Source "ChessBase"]
[SourceDate "2023.10.10"]
[SourceVersion "1"]
[SourceVersionDate "2023.10.10"]
[SourceQuality "1"]

1. e4 e5 2. Nf3 Nc6 3. Bc4 Bc5 4. 0-0 Nf6 5. Re1 0-0 6. c3 d6 7. d4 exd4 8. cxd4 Bb6 9. h3 Na5 10. Bd3 c5 11. e5 dxe5 12. dxe5 Nh5 13. g4 Ng3 14. Kg2 f5 15. Kxg3 fxg4 16. hxg4 c4 17. Be2 Qc7 18. Be3 Nc6 19. Qd5+ Kh8 20. Bxb6 Qf7 21. Qxf7 1-0

[Event "COL-ch visually impaired 4th"]
[Site "Bogota"]
[Date "2013.11.08"]
[Round "1.4"]
[White "Peralta Gonzalez, Javier Hernando"]
[Black "Jaimes, Fredy Alexander"]
[Result "0-1"]
[WhiteElo "1549"]
[BlackElo "1813"]
[PlyCount "62"]
[EventDate "2013.11.08"]
[EventType "swiss"]
[EventRounds "5"]
[EventCountry "COL"]
[SourceTitle "EXT 2024"]
[Source "ChessBase"]
[SourceDate "2023.10.10"]
[SourceVersion "1"]
[SourceVersionDate "2023.10.10"]
[SourceQuality "1"]

1. e4 c5 2. c4 e5 3. Nc3 Nc6 4. Nf3 Nf6 5. h3 d6 6. a3 a6 7. Rb1 Be7 8. Be2 Nd4 9. Nxd4 cxd4 10. Nd5 Nxe4 11. 0-0 0-0 12. d3 Nf6 13. Nxf6+ Bxf6 14. Bf3 Rb8 15. a4 b5 16. Qb3 Be6 17. Bd5 bxc4 18. Qxc4 Bxd5 19. Qxd5 Rb4 20. b3 Qb6 21. Ba3 Qb7 22. Qxb7 Rxb7 23. Bxd6 Rd8 24. Ba3 Rdb8 25. Bd6 Rd8 26. Ba3 Rc8 27. Rfc1 Rbc7 28. b4 Be7 29. Rxc7 Rxc7 30. Bc1 Bxb4 31. Ba3 Bxa3 0-1

[Event "Bogota IRT op 06"]
[Site "Bogota"]
[Date "2012.06.09"]
[Round "3"]
[White "Peralta Gonzalez, Javier Hernando"]
[Black "Contreras R, Wilson Mauricio"]
[Result "0-1"]
[WhiteElo "1600"]
[BlackElo "1861"]
[PlyCount "48"]
[EventDate "2012.06.08"]
[EventType "swiss"]
[EventRounds "7"]
[EventCountry "COL"]
[SourceTitle "CBM 148 Extra"]
[Source "ChessBase"]
[SourceDate "2012.06.22"]
[SourceVersion "1"]
[SourceVersionDate "2012.06.22"]
[SourceQuality "1"]

1. e4 d5 2. e5 d4 3. Bc4 e6 4. a3 Nc6 5. Nf3 Nge7 6. d3 Nd5 7. 0-0 Be7 8. Nbd2 a6 9. Ne4 h6 10. Bd2 Nb6 11. Bb3 Nd7 12. c3 Ndxe5 13. Nxe5 Nxe5 14. cxd4 Nc6 15. Re1 Nxd4 16. Bc3 Nxb3 17. Qxb3 0-0 18. Ng3 Qxd3 19. Nh5 b6 20. Rad1 Qg6 21. Nf4 Qg5 22. g3 Bb7 23. Rd3 Rad8 24. Bd2 Rxd3 0-1